[Event "The Old Ones Are Sometimes The Best. . . "]
[Site "SchemingMind.com"]
[Date "2011.10.04"]
[Round "-"]
[White "Queeny"]
[Black "lennart"]
[Result "1-0"]
[WhiteCountry "ENG"]
[BlackCountry "SWE"]
[WhiteElo "1752"]
[WhiteRD "73"]
[BlackElo "1491"]
[BlackRD "52"]
[GameID "294288"]

1. e4 e6 2. d4 Nc6 3. e5 d6 4. Nf3 d5 5. Bb5 Bd7 6. O-O f6 7. exf6 Qxf6 8. Be3 Nge7 9. c3 h6 10. Nbd2 a6
11. Ba4 g5 12. Bxc6 Bxc6 13. Ne5 Bb5 14. Qh5+ Kd8 15. Nf7+ Kd7 16. Ne5+ Kc8 17. a4 Bd7 18. Rfc1 b6 19. c4 Kb7 20. Nxd7 Qf5
21. c5 Nc8 22. cxb6 cxb6 23. Qd1 Bd6 24. Qc2 Qg4 25. Qc6+ Ka7 26. a5
1-0

[Event "The Old Ones Are Sometimes The Best. . . "]
[Site "SchemingMind.com"]
[Date "2011.10.05"]
[Round "-"]
[White "Queeny"]
[Black "Olli Ylönen"]
[Result "1-0"]
[WhiteCountry "ENG"]
[BlackCountry "FIN"]
[WhiteElo "1743"]
[WhiteRD "71"]
[BlackElo "1778"]
[BlackRD "48"]
[GameID "294289"]

1. e4 e6 2. d4 d5 3. e5 c5 4. c3 Nc6 5. Nf3 Qb6 6. Be2 cxd4 7. Nxd4 Nxe5 8. Qa4+ Bd7 9. Bb5 Bxb5 10. Nxb5 Nc6
11. Be3 Bc5 12. Bxc5 Qxc5 13. Nc7+ Kd7 14. Nxa8 Nf6 15. Nc7 Kxc7 16. Nd2 Rf8 17. h3 b5 18. Qf4+ Qd6 19. Qg5 Qe5+ 20. Qe3 Qxe3+
21. fxe3 e5 22. O-O-O d4 23. cxd4 exd4 24. exd4 Nxd4 25. Rhe1 Re8 26. Rxe8 Nxe8 27. Re1 Kd7 28. Ne4 h6 29. Rd1
1-0

[Event "The Old Ones Are Sometimes The Best. . . "]
[Site "SchemingMind.com"]
[Date "2011.10.04"]
[Round "-"]
[White "Queeny"]
[Black "HAZOP"]
[Result "1-0"]
[WhiteCountry "ENG"]
[BlackCountry "ALG"]
[WhiteElo "1752"]
[WhiteRD "73"]
[BlackElo "1398"]
[BlackRD "91"]
[GameID "294290"]

1. e4 e6 2. d4 d5 3. e5 Bb4+ 4. c3 Ba5 5. Qa4+ Nc6 6. Bb5 Bd7 7. Bxc6 Bxc3+ 8. bxc3 bxc6 9. Qb4 Rb8 10. Qc5 Rb7
11. Nf3 Qb8 12. Ba3 Kd8 13. O-O f6 14. Qf8+ Be8 15. Qxg7
1-0

[Event "The Old Ones Are Sometimes The Best. . . "]
[Site "SchemingMind.com"]
[Date "2011.10.06"]
[Round "-"]
[White "cnbcad"]
[Black "Queeny"]
[Result "0-1"]
[WhiteCountry "USA"]
[BlackCountry "ENG"]
[WhiteElo "1522"]
[WhiteRD "58"]
[BlackElo "1743"]
[BlackRD "71"]
[GameID "294291"]

1. e4 e6 2. d4 d5 3. e5 c5 4. Nf3 Nc6 5. Bb5 Qa5+ 6. Nc3 cxd4 7. Nxd4 Bd7 8. Bxc6 bxc6 9. O-O Bc5 10. Nb3 Qb6
11. Na4 Bxf2+ 12. Rxf2 Qc7 13. Qf3 O-O-O 14. Qxf7 Qxe5 15. Bf4 Qf6 16. Bd6 Qxf7
0-1

[Event "The Old Ones Are Sometimes The Best. . . "]
[Site "SchemingMind.com"]
[Date "2011.10.04"]
[Round "-"]
[White "jtrochez1"]
[Black "Queeny"]
[Result "1-0"]
[WhiteCountry "HON"]
[BlackCountry "ENG"]
[WhiteElo "1606"]
[WhiteRD "54"]
[BlackElo "1743"]
[BlackRD "71"]
[GameID "294292"]

1. e4 e6 2. d4 d5 3. exd5 Qxd5 4. Nc3 Bb4 5. Ne2 Qd8 6. Bd2 Nc6 7. a3 Be7 8. Be3 Nf6 9. Ng3 b6 10. Bb5 Bd7
11. O-O Bd6 12. Qf3 Ne7 13. Bxd7+ Nxd7 14. Nge4 Nf5 15. Nxd6+ cxd6 16. Bf4 Nxd4 17. Qd1 e5 18. Be3 Nf5 19. Nd5 Nf6 20. h3 Nxd5
21. Bd2 Qf6 22. c4 Nf4 23. Bxf4 exf4 24. Re1+ Kf8 25. b4 Qg6 26. Qe2 Nh4 27. Qe7+
1-0

[Event "The Old Ones Are Sometimes The Best. . . "]
[Site "SchemingMind.com"]
[Date "2011.10.04"]
[Round "-"]
[White "agulla"]
[Black "Queeny"]
[Result "1-0"]
[WhiteCountry "ESP"]
[BlackCountry "ENG"]
[WhiteElo "1892"]
[WhiteRD "96"]
[BlackElo "1752"]
[BlackRD "73"]
[GameID "294293"]

1. e4 e6 2. d3 d5 3. Nd2 Bb4 4. c3 Bd6 5. g3 Nf6 6. Bg2 b6 7. f4 Be7 8. Ne2 Bb7 9. e5 Nfd7 10. c4 c6
11. b3 f6 12. Bb2 Nc5 13. Qc2 a6 14. d4 Ncd7 15. Rc1 b5 16. O-O bxc4 17. bxc4 c5 18. cxd5 Bxd5 19. Bxd5 exd5 20. exf6 gxf6
21. dxc5 Bxc5+ 22. Nd4 Qb6 23. Nb3 Nc6 24. Nxc5 Nxc5 25. Qxc5
1-0

[Event "The Old Ones Are Sometimes The Best. . . "]
[Site "SchemingMind.com"]
[Date "2011.10.05"]
[Round "-"]
[White "cnile"]
[Black "Queeny"]
[Result "1-0"]
[WhiteCountry "SCO"]
[BlackCountry "ENG"]
[WhiteElo "1504"]
[WhiteRD "59"]
[BlackElo "1743"]
[BlackRD "71"]
[GameID "294294"]

1. e4 e6 2. d4 d5 3. Nd2 c5 4. c3 cxd4 5. cxd4 Bb4 6. Bd3 dxe4 7. Bxe4 Qxd4 8. Qc2 Ne7 9. Nf3 Qf6 10. O-O h6
11. Rd1 Nbc6 12. Nc4 Rb8 13. Be3 b5 14. a3 bxc4 15. axb4 Rxb4 16. Bc5 Rxb2 17. Qa4 Bd7 18. Bxe7 Nxe7 19. Qxd7+ Kf8 20. Qd8#
1-0

[Event "The Old Ones Are Sometimes The Best. . . "]
[Site "SchemingMind.com"]
[Date "2011.10.04"]
[Round "-"]
[White "aadaam"]
[Black "Queeny"]
[Result "0-1"]
[WhiteCountry "INT"]
[BlackCountry "ENG"]
[WhiteElo "1624"]
[WhiteRD "73"]
[BlackElo "1752"]
[BlackRD "73"]
[GameID "294295"]

1. e4 e6 2. d4 d5 3. Nc3 Bb4 4. e5 c5 5. a3 cxd4 6. axb4 dxc3 7. bxc3 Qc7 8. Qd4 Bd7 9. Nf3 Ne7 10. Bd2 Nbc6
11. Qe3 Ng6 12. Bb5 Ngxe5 13. O-O Nxf3+ 14. Qxf3 Ne7 15. Bxd7+ Qxd7 16. Be3 b6 17. Bxb6 O-O 18. Bc5 Rfc8 19. Rfd1 Nc6 20. c4 Ne5
21. Qh5 Nxc4
0-1

[Event "The Old Ones Are Sometimes The Best. . . "]
[Site "SchemingMind.com"]
[Date "2011.10.04"]
[Round "-"]
[White "lennart"]
[Black "Queeny"]
[Result "0-1"]
[WhiteCountry "SWE"]
[BlackCountry "ENG"]
[WhiteElo "1491"]
[WhiteRD "52"]
[BlackElo "1752"]
[BlackRD "73"]
[GameID "294296"]

1. e4 e6 2. Nf3 d5 3. exd5 Qxd5 4. c3 Be7 5. b3 Nh6 6. Bc4 Qe4+ 7. Be2 Qg4 8. g3 Qe4 9. d3 Qc6 10. h3 Bf6
11. Bd2 b5 12. b4 a5 13. c4 Bxa1 14. d4 axb4 15. cxb5 Qd5 16. Bxb4 Rxa2 17. Nc3 Bxc3+ 18. Bxc3 Ra3 19. Bd2 Bd7 20. Qb1 Rb3
21. Qc2 O-O 22. Kf1 Bxb5
0-1

[Event "The Old Ones Are Sometimes The Best. . . "]
[Site "SchemingMind.com"]
[Date "2011.10.04"]
[Round "-"]
[White "Olli Ylönen"]
[Black "Queeny"]
[Result "1-0"]
[WhiteCountry "FIN"]
[BlackCountry "ENG"]
[WhiteElo "1778"]
[WhiteRD "48"]
[BlackElo "1743"]
[BlackRD "71"]
[GameID "294297"]

1. e4 e6 2. d4 d5 3. Nc3 Bb4 4. e5 c5 5. a3 Ba5 6. b4 cxb4 7. Nb5 b3+ 8. c3 a6 9. Nd6+ Ke7 10. Qxb3 Qc7
11. Bd2 f6 12. exf6+ Nxf6 13. Nxc8+ Qxc8 14. Nf3 Ne4 15. Rc1 b5 16. Bd3 Nf6 17. O-O Bc7 18. Bg5 h6 19. Bxf6+ gxf6 20. Rfe1 Qg8
21. a4 bxa4 22. Qxa4 Qg7 23. Qb4+ Kd7 24. c4 Rg8 25. g3 Nc6 26. Qa4 Qg4 27. cxd5
1-0

[Event "The Old Ones Are Sometimes The Best. . . "]
[Site "SchemingMind.com"]
[Date "2011.10.04"]
[Round "-"]
[White "HAZOP"]
[Black "Queeny"]
[Result "0-1"]
[WhiteCountry "ALG"]
[BlackCountry "ENG"]
[WhiteElo "1329"]
[WhiteRD "74"]
[BlackElo "1743"]
[BlackRD "71"]
[GameID "294298"]

1. e4 e6 2. Nf3 d5 3. exd5 Qxd5 4. b3 Nc6 5. Bb2 f6 6. Bc4 Qe4+ 7. Be2 e5 8. O-O b6 9. Bb5 Bb7 10. Nc3 Qg6
11. Bxc6+ Bxc6 12. d3 O-O-O 13. Rb1 Bd6 14. Qe2 Re8 15. Rfe1 f5
0-1

[Event "The Old Ones Are Sometimes The Best. . . "]
[Site "SchemingMind.com"]
[Date "2011.10.06"]
[Round "-"]
[White "VLNT_1"]
[Black "cnbcad"]
[Result "1-0"]
[WhiteCountry "USA"]
[BlackCountry "USA"]
[WhiteElo "1311"]
[WhiteRD "66"]
[BlackElo "1690"]
[BlackRD "68"]
[GameID "294414"]

1. e4 e6 2. Nf3 c5 3. Be2 g6 4. O-O Bg7 5. c3 Nf6 6. d4 cxd4 7. Qxd4 O-O 8. Rd1 Nh5 9. e5 Nc6 10. Qc5 b6
11. Qc4 Bb7 12. b3
1-0

[Event "The Old Ones Are Sometimes The Best. . . "]
[Site "SchemingMind.com"]
[Date "2011.10.02"]
[Round "-"]
[White "VLNT_1"]
[Black "jtrochez1"]
[Result "0-1"]
[WhiteCountry "USA"]
[BlackCountry "HON"]
[WhiteElo "1285"]
[WhiteRD "67"]
[BlackElo "1606"]
[BlackRD "54"]
[GameID "294415"]

1. e4 e6 2. Nf3 d6 3. d4 Be7 4. g3 h6 5. Bg2 c6 6. O-O Bg5 7. Nc3 Bxc1 8. Rxc1 Ne7 9. Nd2 O-O 10. e5 d5
11. Bf3 Nf5 12. Nb3 b6 13. Qd3 Ba6 14. Qd2 Bxf1 15. Rxf1 Nd7 16. Qf4 f6 17. exf6 Nxf6 18. Qe5 Qd7 19. h3 Nd6 20. Re1 Nc4
21. Qf4 Nh7 22. Qg4 a5 23. Be2 Qf7 24. f4 Rae8 25. Bd1 Nxb2 26. Be2 a4 27. Nc1 Ng5 28. Rf1 Ne4 29. Nxe4 Qe7 30. Nf2 Nc4
31. Bd1 Ne3 32. Qg6 Nxf1 33. Kxf1 Rf6 34. Qd3 c5 35. c3 c4 36. Qe2 a3 37. Bc2 b5 38. Bb1 b4 39. Qc2 Kf7 40. Ng4 Rf5
41. cxb4 Qxb4 42. Ne3 Rf6 43. Qh7 Qd2 44. Ne2 Qxe3 45. h4 e5 46. g4 e4 47. g5 hxg5 48. Qh5+ g6 49. Qh7+ Ke6 50. Bc2 gxf4
51. Ba4 Re7 52. Qg8+ Kd6 53. Qd8+ Ke6 54. Bc6 Qh3+ 55. Ke1 Qh1+ 56. Kd2 e3+ 57. Kc3 Qe1+ 58. Kc2 Qd2+ 59. Kb1 Qb2#
0-1

[Event "The Old Ones Are Sometimes The Best. . . "]
[Site "SchemingMind.com"]
[Date "2011.10.01"]
[Round "-"]
[White "VLNT_1"]
[Black "agulla"]
[Result "0-1"]
[WhiteCountry "USA"]
[BlackCountry "ESP"]
[WhiteElo "1311"]
[WhiteRD "66"]
[BlackElo "1892"]
[BlackRD "96"]
[GameID "294416"]

1. e4 e6 2. d4 d5 3. Nc3 Bb4 4. Nf3 dxe4 5. Nd2 f5 6. g3 Nf6 7. Bg2 Qxd4 8. O-O Bxc3 9. bxc3 Qxc3 10. Nb3 O-O
11. Rb1 Nc6 12. h3 Rd8 13. g4 Rxd1 14. Rxd1 fxg4 15. a4 gxh3 16. Bf1 Qf3 17. Bxh3 Qxh3 18. Rd2 Ng4 19. Bb2 Qh2+ 20. Kf1 Qh1+
21. Ke2 Qxb1 22. Bc3 Qh1 23. Nc5 Qf3+ 24. Ke1 Qxc3 25. Nxe6 Nxf2 26. Kxf2 Qxd2+ 27. Kg3 Bxe6
0-1

[Event "The Old Ones Are Sometimes The Best. . . "]
[Site "SchemingMind.com"]
[Date "2011.10.06"]
[Round "-"]
[White "VLNT_1"]
[Black "cnile"]
[Result "0-1"]
[WhiteCountry "USA"]
[BlackCountry "SCO"]
[WhiteElo "1285"]
[WhiteRD "67"]
[BlackElo "1504"]
[BlackRD "59"]
[GameID "294417"]

1. e4 e6 2. d4 d5 3. exd5 exd5 4. Qe2+ Be7 5. Nf3 Be6 6. Qd3 Nd7 7. Be2 Ngf6 8. Qe3 O-O 9. Nc3 c6 10. Bd2 a5
11. Na4 b5 12. Nc3 Re8 13. h4 Ng4 14. Qf4 Ndf6 15. Qg3 Nh6 16. O-O-O Nf5 17. Qg5 Ne4 18. Qh5 Nxf2 19. Rh2 Nxd1 20. Bxd1 Ng3
21. Qe5 Bd6 22. Qe1 Ne4 23. b3 Bxh2 24. Nxh2 Nxd2 25. Qxd2 Qxh4 26. Nf3 Qg3 27. a4 bxa4 28. bxa4 h6 29. Nb1 Rab8 30. Nc3 Qd6
31. Na2 Qa3#
0-1

[Event "The Old Ones Are Sometimes The Best. . . "]
[Site "SchemingMind.com"]
[Date "2011.10.04"]
[Round "-"]
[White "VLNT_1"]
[Black "Queeny"]
[Result "0-1"]
[WhiteCountry "USA"]
[BlackCountry "ENG"]
[WhiteElo "1311"]
[WhiteRD "66"]
[BlackElo "1752"]
[BlackRD "73"]
[GameID "294418"]

1. e4 e6 2. Nc3 d5 3. d4 Bb4 4. Be2 c5 5. Nf3 dxe4 6. Ne5 cxd4 7. Bb5+ Bd7 8. Bc4 dxc3 9. O-O h5 10. a3 Qa5
11. Qd4 cxb2 12. Bxb2 Be7 13. Qxe4 Nc6 14. Nf3 Bf6 15. Bxf6 Nxf6 16. Qf4 Nd8 17. Qd6 Rc8 18. Qg3 g6 19. Bd3 Bb5 20. Bxb5+ Qxb5
21. Rfd1 O-O 22. Nd4 Qc5 23. Nb3 Qxc2 24. Rdb1 Ne4 25. Qe3 Rc3 26. Qxa7 Rxb3 27. Rxb3 Qxb3 28. g3 Nc6 29. Qe3 Qb2 30. Re1 Nd2
31. Qe2 Nd4 32. Qe3 N2f3+ 33. Kg2 Nxe1+ 34. Qxe1 Qxa3 35. h3 Qf3+ 36. Kh2 h4 37. gxh4 Qf4+ 38. Kg2 Qxh4 39. Qe3 Nf5 40. Qe5 Qg5+
41. Kf3 Nh4+ 42. Ke4 Qxe5+
0-1

[Event "The Old Ones Are Sometimes The Best. . . "]
[Site "SchemingMind.com"]
[Date "2011.10.02"]
[Round "-"]
[White "VLNT_1"]
[Black "aadaam"]
[Result "0-1"]
[WhiteCountry "USA"]
[BlackCountry "INT"]
[WhiteElo "1311"]
[WhiteRD "66"]
[BlackElo "1624"]
[BlackRD "73"]
[GameID "294419"]

1. e4 e6 2. Nf3 d5 3. d4 dxe4 4. Ne5 Nf6 5. Be2 Nbd7 6. O-O Bd6 7. Nc4 O-O 8. Nc3 b6 9. h3 Bb7 10. Qd2 Bd5
11. Ne3 Qe7 12. f4 exf3 13. gxf3 Nh5 14. Ng4 Qh4 15. Nb5 Qxh3 16. Rf2 Bg3 17. Ne3 Bxf2+ 18. Kxf2 Qg3+ 19. Kf1 Bxf3 20. Bxf3 Qxf3+
21. Ke1 c6 22. Nc7 Qg3+ 23. Kd1 Qxc7 24. Nc4 Rad8 25. b3 c5 26. Bb2 Qf4 27. Qc3 Ne5 28. Qe1 cxd4 29. Nxe5 Rd5 30. Nd3 Qf3+
31. Kd2 Nf4 32. c4 dxc3+ 33. Bxc3 Rxd3+ 34. Kc2 Rc8 35. b4 Rdxc3+ 36. Kb2 Nd3+
0-1

[Event "The Old Ones Are Sometimes The Best. . . "]
[Site "SchemingMind.com"]
[Date "2011.10.01"]
[Round "-"]
[White "VLNT_1"]
[Black "lennart"]
[Result "1-0"]
[WhiteCountry "USA"]
[BlackCountry "SWE"]
[WhiteElo "1311"]
[WhiteRD "66"]
[BlackElo "1491"]
[BlackRD "52"]
[GameID "294420"]

1. e4 e6 2. Nc3 Nc6 3. Nf3 d5 4. exd5 exd5 5. g3 Nf6 6. Bg2 Bc5 7. O-O O-O 8. d4 Bd6 9. Qd3 Nb4 10. Qd2 Nh5
11. g4 Nf4 12. Ne1 Bxg4 13. f3 Re8 14. fxg4 c5 15. a3 Nc6 16. Nf3 a6 17. b3 b5 18. Rf2 Nxg2 19. Rxg2 Qf6 20. g5 Qxf3
21. Rf2 Qh5 22. b4 c4 23. Bb2 g6 24. Nxd5 Re4 25. Nf6+ Kf8 26. Nxh5 gxh5 27. g6 hxg6 28. Qh6+ Kg8 29. d5 Ne5 30. Qg5 Rg4+
31. Qxg4 Nxg4 32. Rg2 f5 33. Re1 Kh7 34. Re6 Bf4 35. Re7+ Kh6 36. Bg7+ Kg5 37. h3 Bc1 38. hxg4 hxg4 39. Rh2 Bxa3 40. Bh6+
1-0

[Event "The Old Ones Are Sometimes The Best. . . "]
[Site "SchemingMind.com"]
[Date "2011.10.01"]
[Round "-"]
[White "VLNT_1"]
[Black "Olli Ylönen"]
[Result "0-1"]
[WhiteCountry "USA"]
[BlackCountry "FIN"]
[WhiteElo "1311"]
[WhiteRD "66"]
[BlackElo "1759"]
[BlackRD "55"]
[GameID "294421"]

1. e4 e6 2. d4 d5 3. Nc3 Bb4 4. Nf3 dxe4 5. Nd2 Nf6 6. g3 Qxd4 7. Nb5 Qe5 8. c3 Bc5 9. f4 exf3+ 10. Ne4 Qxe4+
11. Kd2 Be3+ 12. Ke1 Bxc1+ 13. Kf2 Qe3#
0-1

[Event "The Old Ones Are Sometimes The Best. . . "]
[Site "SchemingMind.com"]
[Date "2011.10.03"]
[Round "-"]
[White "VLNT_1"]
[Black "HAZOP"]
[Result "1-0"]
[WhiteCountry "USA"]
[BlackCountry "ALG"]
[WhiteElo "1311"]
[WhiteRD "66"]
[BlackElo "1398"]
[BlackRD "91"]
[GameID "294422"]

1. e4 e6 2. Nc3 Bb4 3. Nce2 Nc6 4. c3 Ba5 5. d4 a6 6. Nf3 Nge7 7. g3 O-O 8. Nf4 d6 9. Be2 f6 10. O-O Ng6
11. Nd3 Bb6 12. Nd2 Qe7 13. f4 Re8 14. f5 Nf8 15. fxe6
1-0

[Event "The Old Ones Are Sometimes The Best. . . "]
[Site "SchemingMind.com"]
[Date "2011.10.06"]
[Round "-"]
[White "cnbcad"]
[Black "VLNT_1"]
[Result "0-1"]
[WhiteCountry "USA"]
[BlackCountry "USA"]
[WhiteElo "1522"]
[WhiteRD "58"]
[BlackElo "1285"]
[BlackRD "67"]
[GameID "294423"]

1. e4 e6 2. d4 Be7 3. c4 Nf6 4. Nc3 O-O 5. e5 Ne8 6. c5 Nc6 7. Bb5 Nxd4 8. Qxd4 b6 9. c6 Bc5 10. Qe4 d5
11. Qd3 a6 12. Ba4 b5 13. Bc2 Qh4 14. g3 Qh5 15. Bf4 f5 16. Nge2 Qh3 17. O-O-O Qg2 18. h3 Qxf2
0-1

[Event "The Old Ones Are Sometimes The Best. . . "]
[Site "SchemingMind.com"]
[Date "2011.10.02"]
[Round "-"]
[White "jtrochez1"]
[Black "VLNT_1"]
[Result "1-0"]
[WhiteCountry "HON"]
[BlackCountry "USA"]
[WhiteElo "1571"]
[WhiteRD "53"]
[BlackElo "1311"]
[BlackRD "66"]
[GameID "294424"]

1. e4 e6 2. d4 Nf6 3. Bd3 d5 4. e5 Nfd7 5. Nf3 g6 6. a3 Be7 7. O-O O-O 8. c4 Nc6 9. c5 f6 10. Nc3 b6
11. Bb5 Ndb8 12. Bh6 Rf7 13. Re1 Na5 14. b4 Nb7 15. c6 a6 16. Bd3 fxe5 17. Nxe5 Rf4 18. Bxf4 Qf8 19. cxb7 Bxb7 20. Bxg6 Qxf4
21. Bf7+ Kg7 22. Bxe6 c6 23. Re3 Bg5 24. Rf3 Qh4 25. Rf7+ Kh6 26. Qd3 c5 27. Qxh7#
1-0

[Event "The Old Ones Are Sometimes The Best. . . "]
[Site "SchemingMind.com"]
[Date "2011.10.01"]
[Round "-"]
[White "agulla"]
[Black "VLNT_1"]
[Result "1-0"]
[WhiteCountry "ESP"]
[BlackCountry "USA"]
[WhiteElo "1892"]
[WhiteRD "96"]
[BlackElo "1311"]
[BlackRD "66"]
[GameID "294425"]

1. e4 e6 2. d4 Nf6 3. e5 Ne4 4. Bd3 Nxf2 5. Kxf2 d5 6. Nf3 g6 7. Rf1 Bg7 8. Kg1 O-O 9. c3 h6 10. Be3 Nc6
11. Qc1 b6 12. Bxh6 Bxh6 13. Qxh6 Re8 14. Ng5 Qxg5 15. Qxg5 a5 16. Qh6 f5 17. exf6 Nd8 18. Qg7#
1-0

[Event "The Old Ones Are Sometimes The Best. . . "]
[Site "SchemingMind.com"]
[Date "2011.10.06"]
[Round "-"]
[White "cnile"]
[Black "VLNT_1"]
[Result "1-0"]
[WhiteCountry "SCO"]
[BlackCountry "USA"]
[WhiteElo "1504"]
[WhiteRD "59"]
[BlackElo "1285"]
[BlackRD "67"]
[GameID "294426"]

1. e4 e6 2. d4 e5 3. Nf3 Be7 4. Nxe5 Nf6 5. Bd3 O-O 6. O-O d6 7. Nf3 Nc6 8. Nc3 d5 9. exd5 Nb4 10. Re1 c6
11. dxc6 bxc6 12. Bf4 Qd7 13. a3 Nxd3 14. Qxd3 Nh5 15. Be3 f5 16. Ne5 Qe6 17. Qc4 Rb8 18. Qxe6+ Bxe6 19. Nxc6 Rxb2 20. Nxe7+ Kh8
21. d5 Bd7 22. d6 Rxc2 23. Ncd5 a6 24. Bg5 f4 25. Bh4 f3 26. g3 Rb8 27. Ne3 Rd2 28. Rad1 Ra2 29. N3d5 Rbb2 30. Nf5 Bxf5
31. Re8#
1-0

[Event "The Old Ones Are Sometimes The Best. . . "]
[Site "SchemingMind.com"]
[Date "2011.10.04"]
[Round "-"]
[White "Queeny"]
[Black "VLNT_1"]
[Result "1-0"]
[WhiteCountry "ENG"]
[BlackCountry "USA"]
[WhiteElo "1752"]
[WhiteRD "73"]
[BlackElo "1311"]
[BlackRD "66"]
[GameID "294427"]

1. e4 e6 2. d4 Nf6 3. e5 Nd5 4. Nf3 Be7 5. Bd3 O-O 6. Nc3 Nb6 7. O-O d5 8. exd6 cxd6 9. Be3 d5 10. Qd2 Qd6
11. Ng5 g6 12. h4 Bd8 13. h5 Bc7 14. g3 gxh5 15. Nxh7 Rd8 16. Bh6 e5 17. Qg5+ Qg6 18. Bxg6 fxg6 19. Qxg6+
1-0

[Event "The Old Ones Are Sometimes The Best. . . "]
[Site "SchemingMind.com"]
[Date "2011.10.02"]
[Round "-"]
[White "aadaam"]
[Black "VLNT_1"]
[Result "1-0"]
[WhiteCountry "INT"]
[BlackCountry "USA"]
[WhiteElo "1624"]
[WhiteRD "73"]
[BlackElo "1311"]
[BlackRD "66"]
[GameID "294428"]

1. e4 e6 2. d4 Nf6 3. e5 Nd5 4. c4 Nb4 5. Nc3 d5 6. a3 N4a6 7. c5 Be7 8. b4 O-O 9. b5 Nxc5 10. dxc5 Bxc5
11. Nf3 Bb6 12. Bd3 Qd7 13. Bb2 f6 14. exf6 Rxf6 15. Na4 Ba5+ 16. Bc3 Bxc3+ 17. Nxc3 Qd6 18. Qc2 e5 19. Bxh7+ Kf7 20. Ng5+ Ke7
21. Rd1 Rh6 22. Nxd5+ Kd7 23. Qf5+ Kd8 24. Nf7+ Ke8 25. Qxc8+ Kxf7 26. Qg8#
1-0

[Event "The Old Ones Are Sometimes The Best. . . "]
[Site "SchemingMind.com"]
[Date "2011.10.01"]
[Round "-"]
[White "lennart"]
[Black "VLNT_1"]
[Result "0-1"]
[WhiteCountry "SWE"]
[BlackCountry "USA"]
[WhiteElo "1491"]
[WhiteRD "52"]
[BlackElo "1311"]
[BlackRD "66"]
[GameID "294429"]

1. e4 e6 2. Nf3 Nf6 3. e5 Nd5 4. d4 g6 5. c4 Nb4 6. a3 N4a6 7. Nc3 Bg7 8. b4 c6 9. c5 d5 10. b5 Nc7
11. bxc6 bxc6 12. Bd3 O-O 13. O-O f6 14. exf6 Bxf6 15. g3 a5 16. Rb1 Nd7 17. Re1 Rf7 18. Ne5 Nxe5 19. Bc2 Nc4 20. Ba4 Na6
21. Bxc6 Raa7 22. Nb5 Rae7 23. Bf4 e5 24. dxe5 Bxe5 25. Bh6 Bf5 26. Rc1 Nb2 27. Qxd5 Qxd5 28. Bxd5 Nd3 29. Bxf7+ Kxf7 30. Rxe5 Rxe5
31. c6 Nxc1
0-1

[Event "The Old Ones Are Sometimes The Best. . . "]
[Site "SchemingMind.com"]
[Date "2011.10.01"]
[Round "-"]
[White "Olli Ylönen"]
[Black "VLNT_1"]
[Result "1-0"]
[WhiteCountry "FIN"]
[BlackCountry "USA"]
[WhiteElo "1759"]
[WhiteRD "55"]
[BlackElo "1311"]
[BlackRD "66"]
[GameID "294430"]

1. e4 e6 2. d4 Nf6 3. e5 Ne4 4. Bd3 Nxf2 5. Kxf2 g6 6. Nf3 Bg7 7. Rf1 d5 8. Bg5 f6 9. exf6 Bxf6 10. Bxf6 Qxf6
11. Nd2 O-O 12. Kg1 Re8 13. c4 Qf4 14. g3 Qe3+ 15. Kh1 Qxd3 16. cxd5 exd5 17. Qb3 Qf5 18. Qa4 c6 19. Qb4 Na6 20. Qd6 Re6
21. Qd8+ Kg7 22. Ng5 Qg4 23. Rf7+ Kh6 24. Rxh7#
1-0

[Event "The Old Ones Are Sometimes The Best. . . "]
[Site "SchemingMind.com"]
[Date "2011.10.03"]
[Round "-"]
[White "HAZOP"]
[Black "VLNT_1"]
[Result "0-1"]
[WhiteCountry "ALG"]
[BlackCountry "USA"]
[WhiteElo "1398"]
[WhiteRD "91"]
[BlackElo "1311"]
[BlackRD "66"]
[GameID "294431"]

1. e4 e6 2. d4 d5 3. exd5 Qxd5 4. Nc3 Qd7 5. Nf3 Nf6 6. d5 exd5 7. Bg5 Ng4 8. Qxd5 Qxd5 9. Nxd5 Bd6 10. h3 Nxf2
11. Kxf2 f6 12. Bf4 Bc5+ 13. Be3 Bd6 14. c4 b6
0-1